Французско-русский словарь: 51 000 слов

Podrobná bibliografie
Hlavní autor: Ганшина К. А. Клавдия Александровна
Jazyk:francouzština
ruština
Vydáno: Москва, Русский язык, 1982
Vydání:9-е изд., стереотип.
Témata:
Médium: Kniha
KOHA link:https://koha.lib.tpu.ru/cgi-bin/koha/opac-detail.pl?biblionumber=23377

MARC

LEADER 00000nam0a2200000 4500
001 23377
005 20231101205539.0
035 |a (RuTPU)RU\TPU\book\23596 
035 |a BOOK00023669 
090 |a 23377 
100 |a 20011209d1982 km y0rusy50 ca 
101 0 |a fre  |a rus 
102 |a RU 
105 |a y e 000zy 
200 1 |a Французско-русский словарь  |e 51 000 слов  |f К. А. Ганшина 
205 |a 9-е изд., стереотип. 
210 |a Москва  |c Русский язык  |d 1982 
215 |a 911 с. 
606 1 |a Французский язык  |x Словари  |2 stltpush  |3 (RuTPU)RU\TPU\subj\16828  |9 42728 
610 1 |a словари 
686 |a Ш147.11-4  |v LBC/SL-A  |2 rubbk 
700 1 |a Ганшина  |b К. А.  |g Клавдия Александровна 
801 0 |a RU  |b 63413507  |c 20011209  |g PSBO 
801 2 |a RU  |b 63413507  |c 20191002  |g PSBO 
942 |c BK